| 000 | 00912nam a2200229Ia 4500 | ||
|---|---|---|---|
| 001 | 17003 | ||
| 003 | GE_BSU | ||
| 008 | 181216s||||||||xx |||||||||||||| ||und|| | ||
| 040 | _cGE_BSU | ||
| 080 | _a821.161.1-94 + 821.161.1.09 + 316(470)(09) | ||
| 100 | _aპანაევა, ა. | ||
| 245 | _aმოგონებები | ||
| 245 | _bმე-19 ს. მე-2 ნახევრის რუს მოღვაწეებსა და რუსულ საზოგადოებაზე | ||
| 245 | _cრედ.ე.გოგოლაშვილი | ||
| 260 | _aთბილისი | ||
| 260 | _bსაბჭოთა საქართველო | ||
| 260 | _c1971 | ||
| 300 | _a522გვ. ; 21სმ. | ||
| 653 | _aმოგონებები | ||
| 653 | _aრუსი საზოგადო მოღვაწეები; რუსი მწერლები; | ||
| 942 | _cBK | ||
| 999 |
_c50065 _d50065 |
||